000 00306 a2200133 4500
001 120589
020 _a9788540314986
040 _cEscola Canadense de Niteroi
100 _aSalvari, Fábio
245 1 0 _aDiálogos da História 7
490 0 _aFormação Continuada
650 4 _aHistória
942 _cBK
999 _c120589
_d120589